书目信息 |
| 题名: |
基本化学实验(1)
|
|
| 作者: | 崔学桂 , 张晓丽 主编 | |
| 分册: | ||
| 出版信息: | 北京 化学工业出版社 2003.07 |
|
| 页数: | 204页 | |
| 开本: | 26cm | |
| 丛书名: | ||
| 单 册: | ||
| 中图分类: | O6-3 | |
| 科图分类: | ||
| 主题词: | 化学实验 | |
| 电子资源: | ||
| ISBN: | 7-5025-4495-X | |
| 000 | 00691nam0 2200217 45 | |
| 001 | 0429941164 | |
| 005 | 2004042608190109 | |
| 010 | @a7-5025-4495-X@dRMB 22.00 | |
| 100 | @a20040426d2003 km y0chiy0120 ea | |
| 101 | 0 | @achi |
| 102 | @aCN@b110000 | |
| 200 | 1 | @a基本化学实验(1)@Aji ben hua xue shi yan(1)@e无机与分析化学实验@f崔学桂,张晓丽主编@Fcui xue gui,zhang xiao li zhu bian |
| 210 | @a北京@c化学工业出版社@d2003.07 | |
| 215 | @a204页@d26cm | |
| 517 | 1 | @a无机与分析化学实验@Awu ji yu fen xi hua xue shi yan |
| 606 | 0 | @a化学实验 |
| 690 | @aO6-3@v3 | |
| 701 | 0 | @a崔学桂@Acui xue gui@4主编 |
| 701 | 0 | @a张晓丽@Azhang xiao li@4主编 |
| 801 | 0 | @aCN@bPFT@c20040426 |
| 905 | @dO6-3@eC975 | |
| 基本化学实验(1):无机与分析化学实验/崔学桂,张晓丽主编.-北京:化学工业出版社,2003.07 |
| 204页;26cm |
| ISBN 7-5025-4495-X:RMB 22.00 |
| ● |
| 相关链接 |
|
|
|
正题名:基本化学实验(1)
索取号:O6-3/C975
 
预约/预借
| 序号 | 登录号 | 条形码 | 馆藏地/架位号 | 状态 | 备注 |
| 1 | 391330 | 203913300 | 自科库401/401自科库 60排5列3层/ [索取号:O6-3/C975] | 在馆 | |
| 2 | 391331 | 203913319 | 自科库401/401自科库 60排5列3层/ [索取号:O6-3/C975] | 在馆 | |
| 3 | 391332 | 203913328 | 自科库401/401自科库 60排5列3层/ [索取号:O6-3/C975] | 在馆 |